000 00554cam a22002171 4500
001 sa 67005370
003 DLC
005 20260227112356.0
008 890615s1963 ii 000 0 malo
010 _asa 67005370
035 _a(OCoLC)19876665
040 _aDLC
_cWaU
_dDLC
042 _apremarc
050 0 0 _aPL4718.9.S37
_bM3
100 1 _aSatyavr̲atan, Ār̲anmuḷa,
_d1927-
245 1 0 _aMāyātta svapnaṃ.
260 _a[n. p.,
_bP. C. Meenakshy Amma],
_c1963.
300 _a67 p.
_c18 cm.
500 _aIn Malayalam.
500 _aPoems.
999 _c75153
_d75153